000 00211 a2200109 4500
020 _a0-439-13954-6
041 _aspa
100 _agriego, margot
245 _atortillitas para mama
942 _cBK
952 _71
999 _c17891
_d17891